Diputats a la Diputació de Barcelona al llarg de la història
Descripción Física:
[32] p. ; 29 cm
MARC
| LEADER | 00000nam a2200000Ia 4500 | ||
|---|---|---|---|
| 001 | 8729 | ||
| 008 | 160829s9999 xx 000 0 cat d | ||
| 080 | |a FU-24-17; DUP-65-34; Sala Lectura, Prestatgeria 1 | ||
| 245 | |a Diputats a la Diputació de Barcelona al llarg de la història | ||
| 260 | |a Barcelona : |b Diputació, DL 1988 | ||
| 300 | |a [32] p. ; |c 29 cm | ||
| 590 | |a Separata de: Història de la Diputació de Barcelona, vol. 3, 1987. | ||
| 590 | |a Hi ha un duplicat DUP-65-34 i 875 caixa 21 (PDL) | ||
| 590 | |a Hi ha un duplicat a la Sala de Lectura | ||
| 610 | 0 | |a Barcelona (Catalunya : Província). |b Diputació |x Història |9 10583 | |
| 650 | |a Ba=500 \\ |a iputació |x Diputats | ||
| 901 | |a Arxiu | ||
| 942 | |n 1 |2 udc | ||
| 952 | |0 0 |1 0 |4 0 |6 FU2417_DUP6534_SALA_LECTURA_PRESTATGERIA_1 |7 1 |9 41322 |a Arxiu |b Arxiu |d 2016-12-01 |l 0 |o FU-24-17; DUP-65-34; Sala Lectura, Prestatgeria 1 |p 8729 |r 2016-12-01 00:00:00 |w 2016-12-01 |y ARXIU | ||
| 999 | |c 43126 |d 43126 | ||